000
00284nam a2200121Ia 4500
008
190216s9999||||xx |||||||||||||| ||und||
100
_a
Glover A J
245
0
_a
Vedic Mathematics For Schools
260
_b
Motilal Banarsidass
300
_a
133
650
_a
Mathematics
942
_c
BK
999
_c
32167
_d
32167